00883nam a2200181 a 450000100100000000500170001000800410002704000250006808200150009311101440010824500970025224601020034926000760045130000350052704900090056295201130057199900170068400002991120200930055913.0110427s1979 dr ac 000 0 spa d aDO-SdBNPbspacBNPHU axxxbC749a1 aCongreso de la Asociación Dominicana de agencias de viajes de la República Dominicana.n(5to :d1979 abr. 26-29 :cPuerto Plata)95664710aV congreso de la Asociación Dominicana de agencias de viajes de la República Dominicana. aQuinto congreso de la Asociación Dominicana de agencias de viajes de la República Dominicana. aPuerto Plata, República Dominicana :bArtes Gráficas Ril,c[1979?]. a133 P. :bil., retr. ;c23 cm. aBNPD 0010718PDaPDbPDcCTd2011-04-27iLF1l0oxxx C749ap29911-10r2020-06-25w2020-06-25yLFPDZNo se presta c29403d29403